[Event "EU-chT Seniors 03rd"]
[Site "Dresden"]
[Date "2001.02.28"]
[Round "3.4"]
[White "Schulz, Guenter"]
[Black "Kalmutzki, Manfred"]
[Result "1/2-1/2"]
[WhiteElo "1705"]
[BlackElo "1783"]
[EventDate "2001.02.26"]
[PlyCount "52"]

1.e4 c5 2.f4 e6 3.Nf3 d6 4.Bb5+ Bd7 5.Bxd7+ Qxd7 6.O-O Nf6 7.d3 Be7 8.e5 
dxe5 9.fxe5 Nd5 10.a3 Nc6 11.c3 O-O 12.Qe2 Rad8 13.Bg5 Bxg5 14.Nxg5 h6 15.
Nh3 Qc7 16.Re1 Rd7 17.Nd2 Rfd8 18.Nf3 Nde7 19.Rad1 Ng6 20.Qe3 b6 21.Nf2 
Nce7 22.g3 Qc6 23.Qe4 Qxe4 24.Rxe4 Nc6 25.b4 cxb4 26.axb4 Nge7 1/2-1/2

[Event "EU-chT Seniors 03rd"]
[Site "Dresden"]
[Date "2001.02.28"]
[Round "3.4"]
[White "Shabanov, Yuri"]
[Black "Lieb, Harald"]
[Result "1-0"]
[WhiteElo "2467"]
[BlackElo "2229"]
[EventDate "2001.02.26"]
[PlyCount "145"]

1.e4 e6 2.d3 d5 3.Nd2 Nf6 4.Ngf3 Bc5 5.e5 Nfd7 6.c3 Be7 7.d4 c5 8.dxc5 
Nxc5 9.Nb3 O-O 10.Nxc5 Bxc5 11.Bd3 f6 12.O-O Nc6 13.exf6 Qxf6 14.Bg5 Qf7 
15.Bh4 h6 16.Bg3 Bd7 17.b4 Bb6 18.Qe2 a6 19.a4 Qf6 20.Ne5 Be8 21.a5 Ba7 
22.Nxc6 Bxc6 23.Be5 Qe7 24.Rae1 Bd7 25.Qg4 Bb8 26.Bd4 Qg5 27.Qxg5 hxg5 28.
Bc5 Re8 29.c4 Ba7 30.Bxa7 Rxa7 31.cxd5 exd5 32.Rxe8+ Bxe8 33.Re1 Ra8 34.
Re5 Rc8 35.f3 Bf7 36.Re7 Rc3 37.Bf1 d4 38.Rd7 Be6 39.Rxd4 Kf7 40.Kf2 Kf6 
41.Rd6 Ke5 42.Rb6 Rc7 43.Bd3 Bf5 44.Bxf5 Kxf5 45.Kg3 Rd7 46.b5 axb5 47.
Rxb5+ Kg6 48.h4 gxh4+ 49.Kxh4 Rc7 50.g4 Rd7 51.f4 Rc7 52.f5+ Kf7 53.Kg5 
Rd7 54.Kf4 Re7 55.g5 Rc7 56.Ke5 Ke7 57.Kd5 Rd7+ 58.Kc5 Kd8 59.Kb6 Kc8 60.
Ka7 Rc7 61.g6 Rd7 62.Rc5+ Kd8 63.Kb8 Ke7 64.Rc7 Rxc7 65.Kxc7 Kf6 66.Kxb7 
Kxf5 67.a6 Kxg6 68.a7 Kf5 69.a8=Q g5 70.Kc6 g4 71.Kd5 Kf4 72.Qf8+ Kg3 73.
Ke4 1-0

[Event "EU-chT Seniors 03rd"]
[Site "Dresden"]
[Date "2001.02.28"]
[Round "3.4"]
[White "Winiwarter, Felix"]
[Black "Neese, Hans Joachim"]
[Result "1-0"]
[WhiteElo "2269"]
[BlackElo "2157"]
[EventDate "2001.02.26"]
[PlyCount "74"]

1.e4 e6 2.d4 d5 3.Nc3 Nf6 4.Bg5 Bb4 5.e5 h6 6.Bd2 Nfd7 7.Qg4 g6 8.Bd3 Nf8 
9.h4 h5 10.Qe2 Nc6 11.Nf3 Ne7 12.a3 Ba5 13.b4 Bb6 14.Na4 Bd7 15.Nxb6 axb6 
16.O-O Ba4 17.Rfc1 Qd7 18.b5 c5 19.bxc6 bxc6 20.c4 dxc4 21.Bxc4 Nf5 22.Qe4
Rd8 23.Bc3 Qa7 24.Rab1 Nd7 25.Qf4 b5 26.Bd3 Nb6 27.Be4 Nd5 28.Bxd5 Rxd5 
29.Bb4 Nxd4 30.Nxd4 Rxd4 31.Qf6 Rh7 32.Bc5 Qd7 33.Bxd4 Qxd4 34.Rxc6 Kd7 
35.Rd6+ Qxd6 36.exd6 Kxd6 37.Qd8+ Ke5 1-0

[Event "EU-chT Seniors 03rd"]
[Site "Dresden"]
[Date "2001.02.28"]
[Round "3.4"]
[White "Zanger, Konrad"]
[Black "Mann, Dieter"]
[Result "0-1"]
[WhiteElo "1679"]
[BlackElo "1881"]
[EventDate "2001.02.26"]
[PlyCount "120"]

1.d4 Nf6 2.Bf4 g6 3.h3 Bg7 4.c3 b6 5.Nd2 Bb7 6.Ngf3 d6 7.e3 Nbd7 8.Be2 O-O
9.O-O c5 10.Re1 Re8 11.Qc2 Rc8 12.Qb3 Bd5 13.Bc4 Bxc4 14.Nxc4 Ne4 15.Rad1 
Ndf6 16.Ncd2 Qd7 17.Bg5 d5 18.Ne5 Qf5 19.Nxe4 Nxe4 20.Bh4 g5 21.g4 Qe6 22.
Bg3 c4 23.Qb5 f6 24.Nf3 f5 25.Nh2 fxg4 26.Nxg4 Rf8 27.Kg2 Qf5 28.f4 h5 29.
Ne5 Rcd8 30.Rf1 Nxg3 31.Kxg3 Qe4 32.Rde1 Bxe5 33.dxe5 h4+ 34.Kh2 Kh7 35.
Qc6 gxf4 36.exf4 Qc2+ 37.Kh1 Rg8 38.Rg1 Rxg1+ 39.Rxg1 Qe4+ 40.Kh2 Qxf4+ 
41.Kh1 Qe4+ 42.Kh2 Qxe5+ 43.Kh1 Qe4+ 44.Kh2 Rf8 45.Rg2 Rf1 46.Qc7 Qf4+ 47.
Qxf4 Rxf4 48.Re2 Re4 49.Rf2 Re3 50.Rd2 e6 51.Rf2 Kg6 52.Kg2 e5 53.Kh2 d4 
54.cxd4 exd4 55.Rc2 b5 56.a4 a6 57.axb5 axb5 58.Rd2 d3 59.Rg2+ Kh5 60.Rg8 
Re2+ 0-1

[Event "EU-chT Seniors 03rd"]
[Site "Dresden"]
[Date "2001.02.28"]
[Round "4.1"]
[White "Alter, Helmut"]
[Black "Denda, Ronald"]
[Result "0-1"]
[WhiteElo "1784"]
[BlackElo "1961"]
[EventDate "2001.02.26"]
[PlyCount "112"]

1.e4 e5 2.Nf3 Nc6 3.d4 exd4 4.Nxd4 Bc5 5.Nb3 Bb6 6.Bc4 Nf6 7.Nc3 Ne5 8.Bd3
Nfg4 9.Be3 Bxe3 10.fxe3 Nxe3 11.Qe2 Qg5 12.g3 c6 13.Nd1 N5g4 14.Nxe3 Nxe3 
15.Kf2 Ng4+ 16.Kg2 d6 17.h4 Qh6 18.Rae1 O-O 19.Qd2 Qxd2+ 20.Nxd2 Be6 21.
Rhf1 Ne5 22.a3 d5 23.Nf3 Nxf3 24.Rxf3 dxe4 25.Bxe4 Rad8 26.Rf2 Rd6 27.Ree2
Rfd8 28.Re3 g6 29.Rd3 Bd5 30.Bxd5 Rxd5 31.Rxd5 Rxd5 32.Re2 Kf8 33.Kf3 f6 
34.b3 Kf7 35.Re3 Rf5+ 36.Kg2 h5 37.c4 a5 38.Rd3 Ke7 39.Re3+ Re5 40.Rd3 b5 
41.cxb5 cxb5 42.Rc3 Ke6 43.Kf3 Kf5 44.b4 a4 45.Rd3 g5 46.hxg5 fxg5 47.Rc3 
Rd5 48.g4+ hxg4+ 49.Kg3 Re5 50.Rd3 Ke4 51.Rd7 Rd5 52.Re7+ Kd4 53.Rc7 Re5 
54.Kxg4 Re3 55.Rc5 Rxa3 56.Rxb5 Kc4 0-1

[Event "EU-chT Seniors 03rd"]
[Site "Dresden"]
[Date "2001.02.28"]
[Round "4.1"]
[White "Biebinger, Gerhard"]
[Black "Delander, Adolf"]
[Result "1-0"]
[WhiteElo "2344"]
[BlackElo "2066"]
[EventDate "2001.02.26"]
[PlyCount "120"]

1.c4 Nf6 2.d4 e6 3.Nf3 d5 4.Nc3 c6 5.Bg5 h6 6.Bh4 Nbd7 7.e3 Be7 8.Qc2 O-O 
9.Rd1 b6 10.cxd5 exd5 11.Bd3 Bb7 12.O-O Re8 13.Bg3 Nf8 14.Ne5 Nh5 15.e4 
Nxg3 16.hxg3 f6 17.Nf3 Bb4 18.exd5 cxd5 19.Ne2 Bd6 20.Rc1 Qd7 21.Qb3 Qf7 
22.Nc3 Rac8 23.Rfd1 g6 24.Ra1 Bb8 25.a4 Red8 26.a5 Bc7 27.axb6 Bxb6 28.Na4
Rd6 29.Qb4 Rdc6 30.Nxb6 Rxb6 31.Qd2 Bc6 32.Qxh6 Be8 33.Qd2 Rcb8 34.Ra2 Qb7
35.Rb1 Bb5 36.Bxb5 Rxb5 37.Qf4 Qf7 38.g4 a5 39.Qd2 Qe6 40.g5 Qf5 41.Re1 
Nh7 42.gxf6 Nxf6 43.Rf1 a4 44.Ne5 Kg7 45.Rxa4 Rxb2 46.Ra7+ R8b7 47.Qxb2 
Rxa7 48.Qb6 Re7 49.Qd8 Rb7 50.Qa8 Rc7 51.Qb8 Qc2 52.Qb6 Re7 53.Ra1 Qc7 54.
Qb1 Ne4 55.Ra6 Rxe5 56.dxe5 Qxe5 57.Ra7+ Kh6 58.Qc1+ g5 59.Qe3 Qf5 60.Ra6+
Nf6 {time} 1-0

[Event "EU-chT Seniors 03rd"]
[Site "Dresden"]
[Date "2001.02.28"]
[Round "4.1"]
[White "Biermann, Klaus"]
[Black "Eskandary, Jahja"]
[Result "1/2-1/2"]
[WhiteElo "2027"]
[BlackElo "2142"]
[EventDate "2001.02.26"]
[PlyCount "105"]

1.d4 d6 2.g3 Nd7 3.Bg2 e5 4.e4 Ne7 5.Ne2 Ng6 6.c4 Be7 7.Nbc3 c6 8.O-O Qc7 
9.Be3 Nf6 10.h3 h5 11.Qd2 Bd7 12.f4 exf4 13.Nxf4 Nxf4 14.Bxf4 Qc8 15.e5 
dxe5 16.dxe5 Bc5+ 17.Be3 Bxe3+ 18.Qxe3 Nh7 19.Ne4 O-O 20.Nd6 Qc7 21.c5 Be6
22.Rf4 Rab8 23.Rh4 g6 24.Qh6 Qe7 25.Be4 Qg5 26.Qxg5 Nxg5 27.g4 hxg4 28.
hxg4 Kg7 29.Kh2 Nxe4 30.Nxe4 b6 31.Kg3 Rh8 32.Rxh8 Rxh8 33.b4 Rd8 34.Nd6 
bxc5 35.bxc5 Rb8 36.a3 Rb3+ 37.Kf4 Rc3 38.Rb1 Rxa3 39.Ne8+ Kf8 40.Rb8 Ra4+
41.Ke3 Bxg4 42.Nf6+ Kg7 43.Nxg4 Rxg4 44.Rb7 Rc4 45.e6 Rxc5 46.Rxf7+ Kg8 
47.Ke4 Rf5 48.Rxa7 Kf8 49.Rc7 c5 50.Ra7 Rh5 51.Rf7+ Ke8 52.Rg7 Rg5 53.Rc7 
1/2-1/2

[Event "EU-chT Seniors 03rd"]
[Site "Dresden"]
[Date "2001.02.28"]
[Round "4.1"]
[White "Dahlhaus, Friedhelm"]
[Black "Boehnisch, Manfred"]
[Result "0-1"]
[WhiteElo "2120"]
[BlackElo "2265"]
[EventDate "2001.02.26"]
[PlyCount "110"]

1.e4 c6 2.d4 d5 3.exd5 cxd5 4.Bd3 Nc6 5.c3 Nf6 6.Bf4 Bg4 7.Nf3 e6 8.Nbd2 
Bd6 9.Bxd6 Qxd6 10.h3 Bh5 11.O-O a6 12.Re1 O-O 13.Qb3 Bg6 14.Bxg6 hxg6 15.
Ne5 Na5 16.Qa4 Qc7 17.Re3 b5 18.Qa3 Nc4 19.Ndxc4 dxc4 20.Rf3 Ne4 21.Re1 
Nd6 22.b3 Rfc8 23.Qc1 cxb3 24.axb3 a5 25.h4 a4 26.bxa4 bxa4 27.h5 gxh5 28.
Qg5 Ra5 29.Qxh5 f6 30.Rh3 fxe5 31.Qh7+ Kf8 32.Rf3+ Ke8 33.dxe5 Nf5 34.g4 
Ne7 35.Qxg7 Kd7 36.Rd1+ Rd5 37.Rfd3 Rg8 38.Rxd5+ exd5 39.e6+ Kc8 40.Qd4 
Qc6 41.Rb1 Qxe6 42.f3 Qd6 43.Kf1 Rf8 44.Kg2 Rf4 45.Qh8+ Kd7 46.Rb7+ Ke6 
47.Qh6+ Rf6 48.Qe3+ Kf7 49.f4 d4 50.Qe4 dxc3 51.g5 Rg6 52.Qc4+ Qe6 53.Qxc3
Qe2+ 54.Kg1 Re6 55.Rb1 Qg4+ 0-1

[Event "EU-chT Seniors 03rd"]
[Site "Dresden"]
[Date "2001.02.28"]
[Round "4.1"]
[White "Hecht, Hans Joachim"]
[Black "Langmann, Claus"]
[Result "1-0"]
[WhiteElo "2436"]
[BlackElo "2001"]
[EventDate "2001.02.26"]
[PlyCount "59"]

1.d4 Nf6 2.c4 c5 3.d5 d6 4.Nc3 e6 5.e4 exd5 6.cxd5 g6 7.Nf3 Bg7 8.Be2 O-O 
9.O-O Nbd7 10.Re1 Re8 11.Nd2 a6 12.a4 b6 13.Qc2 c4 14.Nxc4 Nc5 15.f3 Rb8 
16.Bf4 Nb7 17.Rac1 Nh5 18.Be3 Nc5 19.b4 Bxc3 20.Qxc3 Nxa4 21.Qa1 b5 22.Na5
Qh4 23.Bf1 f5 24.Nc6 Rb7 25.Bf2 Qg5 26.exf5 Rxe1 27.Rxe1 gxf5 28.Re8+ Kf7 
29.Qh8 Nf4 30.Rf8+ 1-0

[Event "EU-chT Seniors 03rd"]
[Site "Dresden"]
[Date "2001.02.28"]
[Round "4.1"]
[White "Rother, Martin"]
[Black "Kahn, Manfred"]
[Result "1/2-1/2"]
[WhiteElo "1859"]
[BlackElo "2107"]
[EventDate "2001.02.26"]
[PlyCount "54"]

1.e4 e6 2.d4 d5 3.exd5 exd5 4.Bd3 Nc6 5.Nf3 Bd6 6.c3 Bg4 7.O-O Nge7 8.Bg5 
Qd7 9.Nbd2 O-O-O 10.Re1 f6 11.Bh4 Ng6 12.Qc2 Nf4 13.Bg3 Nxd3 14.Qxd3 Bf5 
15.Qb5 g5 16.Qxd5 h5 17.Bxd6 cxd6 18.Nc4 Bd3 19.Nfd2 b5 20.Na3 a6 21.Re3 
Bg6 22.Nab1 Bf7 23.Qf3 f5 24.a4 f4 25.Re1 Rde8 26.Na3 bxa4 27.Nac4 Kc7 
1/2-1/2

[Event "EU-chT Seniors 03rd"]
[Site "Dresden"]
[Date "2001.02.28"]
[Round "4.1"]
[White "Rudnik, Heinz"]
[Black "Bednarski, Jacek B"]
[Result "1/2-1/2"]
[WhiteElo "2089"]
[BlackElo "2280"]
[EventDate "2001.02.26"]
[PlyCount "47"]

1.Nf3 d5 2.d4 c6 3.e3 Bf5 4.c4 e6 5.Nc3 Nd7 6.Be2 a6 7.O-O h6 8.b3 Bd6 9.
Bd3 Bxd3 10.Qxd3 f5 11.Bb2 Qf6 12.Ne2 Ne7 13.cxd5 exd5 14.Qc3 Ng6 15.g3 
O-O 16.Nf4 Rae8 17.Rfe1 Nh8 18.Nd3 Nf7 19.b4 Qe7 20.Nh4 Ng5 21.f3 Rf6 22.
a3 Qf7 23.Qd2 Rfe6 24.Ne5 1/2-1/2

[Event "EU-chT Seniors 03rd"]
[Site "Dresden"]
[Date "2001.02.28"]
[Round "4.1"]
[White "Stavenhagen, Johannes"]
[Black "Neudel, Bernd"]
[Result "1-0"]
[WhiteElo "1862"]
[BlackElo "1782"]
[EventDate "2001.02.26"]
[PlyCount "103"]

1.d4 d5 2.c4 e6 3.Nc3 Nf6 4.Bg5 Be7 5.e3 c6 6.Rc1 Nbd7 7.Nf3 O-O 8.Bd3 b6 
9.O-O Bb7 10.Re1 Rc8 11.Qe2 h6 12.Bxf6 Bxf6 13.Bb1 g6 14.e4 Bg7 15.e5 Qe7 
16.h4 Rfd8 17.cxd5 cxd5 18.Qd3 a6 19.Re3 b5 20.Rce1 Kf8 21.g3 Rc7 22.Ne2 
Ke8 23.Nd2 Rdc8 24.Rf3 Nf8 25.Nf4 h5 26.Nb3 Bh6 27.Nc5 Bxf4 28.Rxf4 Nd7 
29.b4 Nxc5 30.bxc5 Bc6 31.Rf6 Kd8 32.Qf3 Be8 33.Kg2 Rb8 34.g4 hxg4 35.Qxg4
Rc6 36.Qg3 Kc8 37.Bc2 a5 38.Rb1 Ra6 39.Qd3 Ra7 40.Qh3 Ra6 41.Bd3 a4 42.a3 
Kc7 43.Rb4 Ra7 44.Qf3 Kd8 45.Qe2 Rab7 46.Qc2 Qd7 47.Kg3 Kc7 48.Be2 Qe7 49.
Bf3 Qf8 50.Qxg6 Kc6 51.Qg4 Re7 52.Bxd5+ 1-0

[Event "EU-chT Seniors 03rd"]
[Site "Dresden"]
[Date "2001.02.28"]
[Round "4.1"]
[White "Uhlmann, Wolfgang"]
[Black "Zaitsev, Igor A"]
[Result "1-0"]
[WhiteElo "2412"]
[BlackElo "2418"]
[EventDate "2001.02.26"]
[PlyCount "53"]

{Rochade Europa 4/2001 und Schach Magazin 64 Heft 6/2001 Seite 157} 
1.c4 Nf6 2.Nc3 g6 3.e4 d6 4.d4 Bg7 5.Be2 O-O 6.Bg5 Nc6 7.d5 Nb4 8.Nf3 e6 
9.O-O h6 10.Bd2 a5 11.a3 Na6 12.dxe6 Bxe6 13.Qc2 Re8 14.Rad1 Nc5 15.Be3 
Bd7 16.Nd2 a4 17.h3 Ra5 18.Rfe1 Qc8 19.Bf1 Nb3 20.Nd5 Nxd5 21.cxd5 Bb5 $2 
    ( 21...Kh7 {deckt h6 und schränkt den weissen Vorteil deutlich ein.} )
22.Nxb3 axb3 23.Qd2 b6 24.Bxb5 Rxb5 25.Bxh6 Bxh6 26.Qxh6 Qa6 27.f4 {Die 
schwarzen Figuren stehen sich auf den Füssen, während Weiss einfach 
partieentscheidend f5-f6 droht.} 1-0

[Event "EU-chT Seniors 03rd"]
[Site "Dresden"]
[Date "2001.02.28"]
[Round "4.1"]
[White "Vasiukov, Evgeni"]
[Black "Rotstein, Jefim"]
[Result "1-0"]
[WhiteElo "2500"]
[BlackElo "2344"]
[EventDate "2001.02.26"]
[PlyCount "138"]

1.e4 c5 2.Nf3 e6 3.Nc3 a6 4.d4 cxd4 5.Nxd4 d6 6.g4 b5 7.a3 Bb7 8.g5 g6 9.
h4 Bg7 10.Rh3 Ne7 11.f4 Nbc6 12.Be3 Rc8 13.Qd2 Nxd4 14.Bxd4 e5 15.fxe5 
dxe5 16.Be3 Qxd2+ 17.Kxd2 h6 18.Re1 Nc6 19.a4 hxg5 20.axb5 axb5 21.hxg5 b4
22.Rxh8+ Bxh8 23.Nd5 Nd4 24.Bxd4 exd4 25.Nxb4 Be5 26.Nd5 Kf8 27.Bh3 Rd8 
28.Rf1 Kg7 29.Ra1 Bxd5 30.exd5 Rxd5 31.Ra7 Bf4+ 32.Kd3 Re5 33.Kxd4 Re3 34.
Bd7 Re7 35.Kd5 Bxg5 36.c4 Be3 37.c5 f5 38.b4 f4 39.Kd6 Rf7 40.Ra1 f3 41.c6
Bf4+ 42.Kc5 Rf8 43.Rf1 f2 44.b5 Be3+ 45.Kd6 Bf4+ 46.Kd5 Bc7 47.Kc5 Rb8 48.
Bh3 Rh8 49.Bg2 Rb8 50.Kc4 Bb6 51.Rd1 Rf8 52.Rd7+ Kh6 53.Rb7 Rf4+ 54.Kd3 
Ba5 55.Ke2 Kg5 56.c7 Rc4 57.Bc6 Rc2+ 58.Kf1 Bxc7 59.Rxc7 Kh4 60.Rf7 g5 61.
Rxf2 Rc1+ 62.Ke2 Rb1 63.Kd3 g4 64.Rf7 g3 65.Kc4 Rb2 66.Kc5 Kh3 67.b6 Kh2 
68.Rh7+ Kg1 69.Rg7 Kf1 1-0

[Event "EU-chT Seniors 03rd"]
[Site "Dresden"]
[Date "2001.02.28"]
[Round "4.1"]
[White "Weber, Bernd"]
[Black "Rosen, Willy"]
[Result "1/2-1/2"]
[WhiteElo "2146"]
[BlackElo "2263"]
[EventDate "2001.02.26"]
[PlyCount "40"]

1.d4 Nf6 2.c4 e6 3.Nc3 Bb4 4.e3 O-O 5.Bd3 d5 6.a3 Bxc3+ 7.bxc3 dxc4 8.Bxc4
c5 9.Ne2 Qc7 10.Ba2 b6 11.O-O Bb7 12.Ng3 Nc6 13.e4 cxd4 14.cxd4 Rad8 15.
Bb2 Qf4 16.d5 exd5 17.exd5 Ne7 18.Re1 Nexd5 19.Be5 Qg5 20.Qa4 a6 1/2-1/2

[Event "EU-chT Seniors 03rd"]
[Site "Dresden"]
[Date "2001.02.28"]
[Round "4.2"]
[White "Brameyer, Hermann"]
[Black "Eis, Helko"]
[Result "1/2-1/2"]
[WhiteElo "2215"]
[BlackElo "2123"]
[EventDate "2001.02.26"]
[PlyCount "98"]

1.d4 d6 2.Nf3 Bg4 3.e4 Nf6 4.Nbd2 e6 5.Bd3 Nc6 6.c3 Be7 7.h3 Bh5 8.Qe2 Nd7
9.Nf1 Bg6 10.h4 h6 11.h5 Bh7 12.Bd2 a6 13.Rh3 Nf6 14.Bf4 d5 15.exd5 Bxd3 
16.Qxd3 Nxd5 17.Bd2 Bf6 18.N1h2 Qd6 19.Ng4 Nf4 20.Nxf6+ gxf6 21.Bxf4 Qxf4 
22.Kf1 O-O-O 23.Rh4 Qd6 24.b4 Ne5 25.Qe2 Nxf3 26.Qxf3 f5 27.Re1 Rhg8 28.
Re5 Kb8 29.a4 f6 30.Re1 Rg5 31.Qe2 Re8 32.Rh3 e5 33.f4 Rg4 34.fxe5 fxe5 
35.dxe5 Qe6 36.Qd3 Reg8 37.Re2 Qc6 38.Rf3 Qxa4 39.Rxf5 Qa1+ 40.Re1 Qb2 41.
Rf2 Rf4 42.Qe3 Rxf2+ 43.Qxf2 Qxf2+ 44.Kxf2 Kc8 45.Kf3 Kd7 46.g4 Ke6 47.Kf4
Rf8+ 48.Ke4 Rg8 49.Rg1 Rg5 1/2-1/2

[Event "EU-chT Seniors 03rd"]
[Site "Dresden"]
[Date "2001.02.28"]
[Round "4.2"]
[White "Hampel, Johannes"]
[Black "Walke, Guenter"]
[Result "1-0"]
[WhiteElo "2079"]
[BlackElo "1747"]
[EventDate "2001.02.26"]
[PlyCount "107"]

1.d4 d5 2.c4 e6 3.Nc3 c6 4.e3 f5 5.Bd3 Nf6 6.Nf3 Bd6 7.O-O O-O 8.b3 Ne4 9.
Bb2 Nd7 10.Ne2 Qe8 11.Ne5 Qh5 12.f3 Nef6 13.Ng3 Qh6 14.Qe2 Nh5 15.Nxh5 
Qxh5 16.Rae1 f4 17.exf4 Rxf4 18.g3 Rf8 19.Nxc6 e5 20.dxe5 Bc5+ 21.Nd4 Bb4 
22.f4 Qh6 23.Rd1 Nc5 24.a3 Nxd3 25.Qxd3 Bc5 26.b4 Bxd4+ 27.Qxd4 dxc4 28.
Qxc4+ Be6 29.Qe4 Bh3 30.Rd6 Qh5 31.Rfd1 Bg4 32.R1d2 Bf3 33.Qc4+ Kh8 34.e6 
Bc6 35.Qd4 Rg8 36.e7 Qf3 37.Rxc6 Qxc6 38.f5 Qb6 39.f6 Rge8 40.Qxb6 axb6 
41.Rd7 gxf6 42.Rxb7 Kg8 43.Bxf6 Rxa3 44.Rxb6 Rb3 45.Kg2 Kf7 46.Kh3 Rf3 47.
Bg5 Rg8 48.Rb5 Ke6 49.Bf4 Kf7 50.Rf5+ Ke8 51.Kg2 Rb3 52.Bd6 Rb2+ 53.Kh3 
Rb3 54.Rf8+ 1-0

[Event "EU-chT Seniors 03rd"]
[Site "Dresden"]
[Date "2001.02.28"]
[Round "4.2"]
[White "Jaeger, Erich"]
[Black "Hesse, Manfred"]
[Result "1-0"]
[WhiteElo "1932"]
[BlackElo "1825"]
[EventDate "2001.02.26"]
[PlyCount "72"]

1.d4 Nf6 2.c4 g6 3.Nc3 Bg7 4.e4 d6 5.f3 O-O 6.Bg5 h6 7.Be3 e5 8.Nge2 Nc6 
9.Qd2 Kh7 10.O-O-O Ne8 11.dxe5 Nxe5 12.Nd4 Be6 13.b3 a6 14.Be2 c6 15.f4 
Nd7 16.f5 c5 17.fxg6+ Kg8 18.Nxe6 fxe6 19.Bxh6 Qa5 20.Bxg7 Kxg7 21.h4 b5 
22.Qb2 Ne5 23.h5 Rh8 24.g4 Rb8 25.cxb5 axb5 26.g5 Kf8 27.g7+ Nxg7 28.Rxd6 
c4 29.h6 Ke7 30.Rhd1 Ne8 31.R6d2 Qc7 32.b4 Qb6 33.Nd5+ exd5 34.Qxe5+ Qe6 
35.Qxb8 Qxe4 36.Qa7+ Kf8 1-0

[Event "EU-chT Seniors 03rd"]
[Site "Dresden"]
[Date "2001.02.28"]
[Round "4.2"]
[White "Koksch, Guenther"]
[Black "Hellbing, Horst"]
[Result "1-0"]
[WhiteElo "1996"]
[BlackElo "1983"]
[EventDate "2001.02.26"]
[PlyCount "96"]

1.d4 Nf6 2.Nc3 d5 3.Bg5 h6 4.Bf4 Bf5 5.e3 e6 6.Bd3 c6 7.Nge2 Bd6 8.Bg3 O-O
9.Bxf5 exf5 10.Bh4 Nbd7 11.Qd3 g6 12.f3 Re8 13.Bf2 Nb6 14.b3 Qc7 15.g3 a6 
16.Nd1 Rac8 17.O-O Nbd7 18.c3 c5 19.Kg2 b5 20.Qd2 Kg7 21.a4 bxa4 22.Rxa4 
Qb7 23.Qa2 Rc6 24.Nc1 Rb6 25.Nb2 Qc6 26.c4 Nb8 27.Nbd3 g5 28.dxc5 Bxc5 29.
Nxc5 Qxc5 30.e4 d4 31.Nd3 Qc6 32.e5 Nfd7 33.Bxd4 Rb7 34.e6+ Nf6 35.Nc5 
Rbe7 36.Qb2 Rxe6 37.Nxe6+ Rxe6 38.Ra5 Kg8 39.Rxf5 Qe8 40.Rf2 Nfd7 41.Qd2 
Nc6 42.Bb2 Nce5 43.Qc3 f6 44.Qd4 Kg7 45.f4 Ng4 46.fxg5 Nxf2 47.gxf6+ Kf7 
48.Rxf2 Nxf6 1-0

[Event "EU-chT Seniors 03rd"]
[Site "Dresden"]
[Date "2001.02.28"]
[Round "4.2"]
[White "Landgraf, Siegfried"]
[Black "Schneider, Georg"]
[Result "1-0"]
[WhiteElo "2172"]
[BlackElo "2106"]
[EventDate "2001.02.26"]
[PlyCount "57"]

1.d4 Nf6 2.Nf3 g6 3.g3 Bg7 4.Bg2 O-O 5.O-O d6 6.a4 Nbd7 7.a5 Rb8 8.Nc3 c5 
9.e4 cxd4 10.Nxd4 Nc5 11.h3 Ne6 12.Be3 Bd7 13.Nxe6 Bxe6 14.Bxa7 Rc8 15.e5 
Nd7 16.exd6 exd6 17.Qxd6 Be5 18.Qd2 Ra8 19.Bb6 Bxc3 20.bxc3 Nxb6 21.Qxd8 
Raxd8 22.axb6 Bc4 23.Rfe1 Rd6 24.Rab1 Ba6 25.Re7 Rb8 26.c4 Rd4 27.Bd5 Bxc4
28.Rxb7 Rxb7 29.Bxb7 1-0

[Event "EU-chT Seniors 03rd"]
[Site "Dresden"]
[Date "2001.02.28"]
[Round "4.2"]
[White "Lauterbach, Eberhard"]
[Black "Mueller, Siegmar"]
[Result "0-1"]
[WhiteElo "1293"]
[BlackElo "1839"]
[EventDate "2001.02.26"]
[PlyCount "72"]

1.d4 b6 2.e4 Bb7 3.Nd2 e6 4.Bd3 c5 5.c3 cxd4 6.cxd4 Bb4 7.a3 Bxd2+ 8.Qxd2 
f5 9.f3 fxe4 10.fxe4 Bxe4 11.Bxe4 Qh4+ 12.Qf2 Qxe4+ 13.Ne2 Nf6 14.O-O O-O 
15.Ng3 Qg6 16.Bd2 Nc6 17.Qe3 Nd5 18.Qe4 Qxe4 19.Nxe4 Nxd4 20.Ng3 Nb3 21.
Rad1 Rxf1+ 22.Nxf1 Nxd2 23.Rxd2 Rc8 24.Kf2 Rf8+ 25.Ke1 g6 26.Rd4 Rf4 27.
Rd2 Kf8 28.Ke2 Ke7 29.g3 Rf5 30.Rd3 h5 31.Nd2 h4 32.Ne4 g5 33.Kd2 Nf6 34.
Nd6 Rf2+ 35.Kc3 Nd5+ 36.Kd4 Kxd6 0-1

[Event "EU-chT Seniors 03rd"]
[Site "Dresden"]
[Date "2001.02.28"]
[Round "4.2"]
[White "Ljuboschitz, Alexander"]
[Black "Chernikov, Oleg L"]
[Result "0-1"]
[WhiteElo "2116"]
[BlackElo "2424"]
[EventDate "2001.02.26"]
[PlyCount "100"]

1.e4 c5 2.Nf3 d6 3.d4 cxd4 4.Nxd4 Nf6 5.Nc3 Nc6 6.Be2 g6 7.Be3 Bg7 8.Qd2 
O-O 9.f4 Nxd4 10.Bxd4 e5 11.Bf2 Bh6 12.Be3 d5 13.exd5 Bxf4 14.Bxf4 exf4 
15.Qxf4 Nxd5 16.Nxd5 Qxd5 17.Qf3 Qa5+ 18.c3 Be6 19.O-O Qb6+ 20.Kh1 Qxb2 
21.Rfb1 Qd2 22.Rd1 Qc2 23.Rdc1 Qf5 24.Qxb7 Bd5 25.Qb5 Rab8 26.Qd3 Be4 27.
Qg3 Rb2 28.Bf3 Bxf3 29.Qxf3 Qxf3 30.gxf3 Rc8 31.a4 Rf2 32.Rab1 Rxf3 33.Rb7
Rfxc3 34.Rxc3 Rxc3 35.Rxa7 Ra3 36.Kg2 Kg7 37.a5 Kf6 38.a6 g5 39.Ra8 h5 40.
a7 h4 41.h3 Kf5 42.Kf2 Kf4 43.Ke2 f6 44.Rf8 Ra2+ 45.Kf1 Rxa7 46.Rxf6+ Kg3 
47.Rf5 g4 48.hxg4 h3 49.Rh5 h2 50.Ke2 Ra1 0-1

[Event "EU-chT Seniors 03rd"]
[Site "Dresden"]
[Date "2001.02.28"]
[Round "4.2"]
[White "Nautsch, Werner"]
[Black "Starke, Burkhard"]
[Result "1-0"]
[WhiteElo "2206"]
[BlackElo "2089"]
[EventDate "2001.02.26"]
[PlyCount "71"]

1.f4 d5 2.Nf3 Nf6 3.b3 c6 4.Bb2 Bg4 5.e3 e6 6.Be2 Nbd7 7.O-O h6 8.Ne5 Bxe2
9.Qxe2 Qc7 10.d3 Bd6 11.Nxd7 Kxd7 12.Nd2 Raf8 13.e4 Ne8 14.e5 Bc5+ 15.d4 
Be7 16.c4 Qb6 17.Kh1 g6 18.a4 Bb4 19.Nf3 Ng7 20.Qd3 Rc8 21.c5 Qa5 22.Rfc1 
Rb8 23.Bc3 Bxc3 24.Rxc3 Qd8 25.b4 g5 26.Qd2 g4 27.Ne1 Nf5 28.Rb3 Qh4 29.
Kg1 Qd8 30.b5 Qc7 31.Rab1 Rhc8 32.b6 axb6 33.Rxb6 Ke8 34.Nc2 Ra8 35.Rxb7 
Qd8 36.Ne3 1-0

[Event "EU-chT Seniors 03rd"]
[Site "Dresden"]
[Date "2001.02.28"]
[Round "4.2"]
[White "Pojedziniec, Wladyslaw"]
[Black "Duemmke, Juergen"]
[Result "1-0"]
[WhiteElo "2225"]
[BlackElo "2050"]
[EventDate "2001.02.26"]
[PlyCount "97"]

1.d4 Nf6 2.c4 g6 3.Nc3 d5 4.Bf4 Bg7 5.Nf3 O-O 6.e3 c5 7.dxc5 Ne4 8.Rc1 
Nxc3 9.bxc3 Qa5 10.Be5 f6 11.Bxb8 Rxb8 12.cxd5 Qxc5 13.c4 e5 14.Be2 Rd8 
15.O-O Bd7 16.Nd2 b6 17.Ne4 Qe7 18.Qb3 Kh8 19.Rfd1 f5 20.Nc3 e4 21.Nb5 Qe8
22.Qa3 Bxb5 23.cxb5 Rb7 24.Rc6 Rbd7 25.g3 Qe5 26.Re6 Qc7 27.Rc1 Qb7 28.Bc4
Rc8 29.Rc6 Rcd8 30.Qb3 Rd6 31.a4 h5 32.a5 h4 33.axb6 axb6 34.Qa3 Be5 35.
Qa6 Qb8 36.Kg2 Kg7 37.Bb3 Kh6 38.Rc8 R6d7 39.Rxb8 Rxb8 40.Rc6 Rbb7 41.d6 
Ra7 42.Qxb6 Kg5 43.Be6 Rh7 44.gxh4+ Kxh4 45.d7 Kg4 46.h3+ Rxh3 47.Bxf5+ 
Kxf5 48.Kxh3 Rxd7 49.Rxg6 1-0

[Event "EU-chT Seniors 03rd"]
[Site "Dresden"]
[Date "2001.02.28"]
[Round "4.2"]
[White "Shestoperov, Aleksej"]
[Black "Baumgartner, Heinz"]
[Result "1/2-1/2"]
[WhiteElo "2437"]
[BlackElo "2366"]
[EventDate "2001.02.26"]
[PlyCount "98"]

1.d4 d5 2.c4 e6 3.Nc3 Nf6 4.Nf3 Be7 5.Bg5 O-O 6.e3 h6 7.Bh4 b6 8.Bd3 Bb7 
9.O-O Ne4 10.Bg3 Nxg3 11.hxg3 Nd7 12.Qe2 c5 13.cxd5 exd5 14.Rad1 c4 15.Bb1
Bb4 16.Qc2 g6 17.Ne5 Nxe5 18.dxe5 Bxc3 19.Qxc3 Qe7 20.f4 Rae8 21.Kf2 Kg7 
22.e4 dxe4 23.Rd6 Rd8 24.Rfd1 Rxd6 25.Rxd6 Kg8 26.Qd4 Qc7 27.e6 fxe6 28.
Rd7 e5 29.Rxc7 exd4 30.Rxb7 e3+ 31.Ke2 d3+ 32.Bxd3 cxd3+ 33.Kxe3 Rc8 34.
Kxd3 Rc1 35.Rxa7 Rg1 36.Rb7 Rxg2 37.Rxb6 Rxg3+ 38.Ke4 h5 39.Rb5 Kf7 40.
Rb7+ Kg8 41.f5 gxf5+ 42.Kxf5 h4 43.Kf4 Rg2 44.Rb3 h3 45.Rxh3 Rxb2 46.a3 
Re2 47.Kg5 Kf7 48.a4 Ke7 49.Ra3 Kd7 1/2-1/2

[Event "EU-chT Seniors 03rd"]
[Site "Dresden"]
[Date "2001.02.28"]
[Round "4.3"]
[White "Beckel, Friedrich"]
[Black "Krueger, Erich"]
[Result "1/2-1/2"]
[WhiteElo "1955"]
[BlackElo "2207"]
[EventDate "2001.02.26"]
[PlyCount "48"]

1.e4 c6 2.d4 d5 3.exd5 cxd5 4.c4 Nf6 5.Nc3 Nc6 6.Nf3 Bg4 7.cxd5 Nxd5 8.Qb3
Bxf3 9.gxf3 Nb6 10.d5 Nd4 11.Bb5+ Nxb5 12.Nxb5 a6 13.Nc3 g6 14.Be3 Nd7 15.
Bd4 f6 16.Qxb7 Bh6 17.O-O O-O 18.Ne4 Ne5 19.Bxe5 fxe5 20.d6 exd6 21.Qd5+ 
Kh8 22.Rad1 Qh4 23.Rd3 Bf4 24.Ng3 Rad8 1/2-1/2

[Event "EU-chT Seniors 03rd"]
[Site "Dresden"]
[Date "2001.02.28"]
[Round "4.3"]
[White "Demmer, Wolfgang"]
[Black "Boeckenhaupt, Rudi"]
[Result "1-0"]
[WhiteElo "1793"]
[BlackElo "1858"]
[EventDate "2001.02.26"]
[PlyCount "83"]

1.e4 e5 2.Nf3 Nf6 3.Nxe5 d6 4.Nf3 Nxe4 5.d3 Nf6 6.d4 d5 7.c4 Bb4+ 8.Nc3 
O-O 9.Be2 c6 10.O-O Bxc3 11.bxc3 Ne4 12.Qb3 Qa5 13.Bb2 Qc7 14.Rac1 Be6 15.
cxd5 cxd5 16.c4 dxc4 17.Bxc4 Bxc4 18.Rxc4 Qd7 19.Qc2 Qd5 20.Re1 Nd6 21.Ra4
Nc6 22.Qc5 Qxc5 23.dxc5 Nf5 24.Ne5 Nfe7 25.Rg4 Ng6 26.Nxc6 bxc6 27.Bc3 
Rab8 28.h4 Rfe8 29.Rxe8+ Rxe8 30.h5 f5 31.Ra4 Ne7 32.Rxa7 Kf7 33.Be5 g5 
34.Bd6 Ke6 35.Rxe7+ Rxe7 36.Bxe7 Kxe7 37.a4 Kd7 38.f4 g4 39.Kf2 Kc7 40.Ke3
Kb7 41.Kd4 Ka6 42.Ke5 1-0